书目信息 |
| 题名: |
工业有机化学重要原料和中间体
|
|
| 作者: | 韦瑟麦尔 , 阿普 , Arpe , Weissermel 著 ;白凤娥 译 | |
| 分册: | ||
| 出版信息: | 北京 化学工业出版社 1982 |
|
| 页数: | 313页 | |
| 开本: | 25cm | |
| 丛书名: | ||
| 单 册: | ||
| 中图分类: | TQ204 | |
| 科图分类: | ||
| 主题词: | 有机化工--原料 , 有机化工-中间体 , 中间体-有机化工 | |
| 电子资源: | ||
| ISBN: | ||
| 000 | 01009nam0 2200325 45 | |
| 001 | 0182007176 | |
| 005 | 20060803152333.42 | |
| 010 | @dCNY2.10 | |
| 091 | @a15063.3393 | |
| 100 | @a19950308d1982 em y0chiy0121 ea | |
| 101 | 1 | @achi@cger |
| 102 | @aCN@b110000 | |
| 105 | @ay z 000yy | |
| 200 | 10 | @a工业有机化学重要原料和中间体@Agong ye you ji hua xue zhong yao yuan liao he zhong jian ti@f(德)韦瑟麦尔(K.Weissermel),(德)阿普(H.J.Arpe)著@g白凤娥等译 |
| 210 | @a北京@c化学工业出版社@d1982 | |
| 215 | @a313页@d25cm | |
| 300 | @a书名原文:Industrial organic chemistry | |
| 510 | 1 | @aIndustrial organic chemistry@zger |
| 606 | @a有机化工@x原料 | |
| 606 | @a有机化工-中间体 | |
| 606 | @a中间体-有机化工 | |
| 690 | @aTQ204@v3 | |
| 701 | 1 | @a韦瑟麦尔@Awei se mai er@bK.@4著 |
| 701 | 1 | @a阿普@Aa pu@bH.J.@4著 |
| 701 | A1 | @aArpe@bH.J.@4著 |
| 701 | A1 | @aWeissermel@bK.@4著 |
| 702 | 0 | @a白凤娥@Abai feng e@4译 |
| 801 | 2 | @aCN@bNLC@c20060803 |
| 801 | 0 | @aCN@bTSSF |
| 905 | @a10447@dTQ204@e16 | |
| 工业有机化学重要原料和中间体/(德)韦瑟麦尔(K.Weissermel),(德)阿普(H.J.Arpe)著/白凤娥等译.-北京:化学工业出版社,1982 |
| 313页;25cm |
| 书名原文:Industrial organic chemistry |
| ISBN :CNY2.10 |
| ● |
| 相关链接 |
|
|
|
|
正题名:工业有机化学重要原料和中间体
索取号:TQ204/16
 
预约/预借
| 序号 | 登录号 | 条形码 | 馆藏地/架位号 | 状态 | 备注 |
| 1 | 0439623 | 204396233 | 密集书库/ [索取号:TQ204/16] | 在馆 | |
| 2 | 0439624 | 204396242 | 密集书库/ [索取号:TQ204/16] | 在馆 |